[Event "Vandoeuvre op 10th"]
[Site "Vandoeuvre"]
[Date "2013.12.27"]
[Round "4"]
[White "Mohebbi, Jaffar"]
[Black "Brunner, Nicolas"]
[Result "1/2-1/2"]
[WhiteElo "2330"]
[BlackElo "2441"]
[Annotator "RR"]
[PlyCount "121"]
[EventDate "2013.12.26"]
[EventType "swiss"]
[EventRounds "9"]
[EventCountry "FRA"]
[SourceTitle "EXT 2017"]
[Source "ChessBase"]
[SourceDate "2016.10.25"]
[SourceVersion "1"]
[SourceVersionDate "2016.10.25"]
[SourceQuality "1"]

1. d4 d5 2. Nf3 Nf6 3. e3 e6 4. b3 c5 5. Bb2 Nbd7 6. Bd3 Be7 7. O-O O-O 8. Nbd2
b6 9. Ne5 Nxe5 (9... Bb7 10. f4) 10. dxe5 Ne8 11. f4 f5 12. exf6 Bxf6 13. Bxf6
Nxf6 14. Nf3 Bd7 15. Qe2 Be8 16. Rad1 Qe7 17. Ne5 {[%csl Re6,Re8]} (17. h3 Bh5
18. g4) 17... Bh5 18. g4 $6 Nxg4 19. Rd2 (19. Nxg4 Qh4) 19... Nf6 20. Qg2 Nd7
21. Qh3 g6 22. Nxd7 Qxd7 23. Rg2 Kh8 24. Rg5 b5 25. Rf2 c4 26. Bf1 Rf5 27. bxc4
dxc4 28. e4 Rxg5+ 29. fxg5 Qd4 30. c3 Qc5 31. Kg2 Qxg5+ 32. Kh1 Qe5 33. Bg2 Rd8
34. Rf1 Kg7 35. Qe3 Rd7 36. Qf2 Kh6 37. h4 Bg4 38. Qe3+ Kg7 39. Qf2 Kh6 40.
Qe3+ Kg7 41. Qf2 h5 42. Qf8+ Kh7 43. Qe8 Qg7 44. Kg1 Qe7 45. Qc8 e5 46. Qb8
Qxh4 47. Qxe5 Bh3 48. Qh2 Rd3 49. Qc7+ Kh6 50. Qf7 Rd8 51. Bxh3 Qxh3 52. Qf4+
Kh7 53. Qf7+ Kh6 54. Qf4+ Kh7 55. Qf7+ Kh6 56. Qf4+ Kh7 57. Qf7+ Kh6 58. Qf4+
Kh7 59. Qf7+ Kh6 60. Qf4+ Kh7 61. Qf7+ 1/2-1/2

[Event "Sautron op 15th"]
[Site "Sautron"]
[Date "2015.10.24"]
[Round "7.2"]
[White "Bailet, Pierre"]
[Black "Colin, Vincent"]
[Result "1/2-1/2"]
[WhiteElo "2515"]
[BlackElo "2399"]
[Annotator "RR"]
[PlyCount "44"]
[EventDate "2015.10.24"]
[EventType "swiss"]
[EventRounds "9"]
[EventCountry "FRA"]
[SourceTitle "CBM 169 Extra"]
[Source "ChessBase"]
[SourceDate "2015.12.18"]
[SourceVersion "1"]
[SourceVersionDate "2015.12.18"]
[SourceQuality "1"]
[TimeControl "40/5400+30:1800+30"]
[WhiteClock "0:38:06"]
[BlackClock "0:31:59"]

1. Nf3 {[%emt 0:01:43]} d5 {[%emt 0:00:00]} 2. d4 {[%emt 0:00:48]} c6 {[%emt 0:
04:22]} 3. c4 {[%emt 0:01:27]} Nf6 {[%emt 0:00:17]} 4. e3 {[%emt 0:00:44]} e6 {
[%emt 0:00:37]} 5. Bd3 {[%emt 0:02:40]} Nbd7 {[%emt 0:01:10]} 6. O-O {[%emt 0:
00:22]} Bd6 {[%emt 0:00:08]} 7. Nbd2 {[%emt 0:00:59]} O-O {[%emt 0:00:17]} 8.
e4 $1 {[%emt 0:00:35][%cal Ge4e5]} e5 {[%emt 0:00:11]} 9. cxd5 {[%emt 0:01:29]}
cxd5 {[%emt 0:00:12]} 10. Re1 {[%emt 0:00:48]} (10. exd5 exd4 11. Ne4 Nxe4 12.
Bxe4 Nf6 13. Bc2 {[%cal Gd1d3,Gc1g5]}) 10... h6 $5 {[%emt 0:13:01] Joué
après une longue réflexion mais la position est toujours théorique} 11. exd5
{[%emt 0:15:10]} (11. h3) 11... exd4 {[%emt 0:00:31]} 12. Nb3 $146 {[%emt 0:09:
06][%cal Gb3d4]} (12. Ne4 Nb6 13. Nxd4 Nbxd5 14. Nxd6 Qxd6 15. Qb3 Ng4 16. Nf3
Be6 17. Qa4 Rfd8 18. Bf1 Qb4 19. Re4 Qxa4 20. Rxa4 Nb6 21. Rd4 Rxd4 22. Nxd4
Bc4 23. Bf4 Rd8 24. Nb5 Bxf1 25. Kxf1 Nd5 26. Bg3 f5 27. h3 Ngf6 28. Be5 Ne4
29. Bd4 Nc7 30. Nxc7 Rxd4 31. Re1 Kf7 32. Nb5 Rb4 33. Nxa7 Rxb2 34. Re2 Rb1+
35. Re1 Rb2 36. Re2 Rb1+ 37. Re1 Rb6 38. g4 Ra6 39. gxf5 Nd2+ 40. Ke2 Rxa2 41.
Nb5 Rb2 {Potkin,V (2605)-Mikaelyan,A (2418) Jerusalem 2015 1/2-1/2}) 12... Nxd5
{[%emt 0:13:58]} 13. Nbxd4 {[%emt 0:01:48]} N7f6 {[%emt 0:06:09]} 14. Nf5 {
[%emt 0:07:43]} Bxf5 {[%emt 0:06:10]} 15. Bxf5 $14 {[%emt 0:00:06][%csl Gc1,
Gf5]} Qb6 $1 {[%emt 0:01:03][%cal Ga8d8]} 16. Qb3 {[%emt 0:09:40]} Qxb3 {
[%emt 0:08:23]} 17. axb3 {[%emt 0:00:06]} Bb4 {[%emt 0:02:37]} 18. Bd2 {
[%emt 0:03:11]} a5 {[%emt 0:04:40]} 19. Bxb4 {[%emt 0:02:24]} axb4 {[%emt 0:01:
04] Une structure étonnante avec 4 P doublés sur la colonne "b"!} 20. Bd3 {
[%emt 0:00:47]} Rfd8 {[%emt 0:01:40]} 21. Bc4 {[%emt 0:01:08]} Rxa1 {[%emt 0:
02:20]} 22. Rxa1 {[%emt 0:00:10]} Nb6 {[%emt 0:00:11]} 1/2-1/2

[Event "Olympiad-34"]
[Site "Istanbul"]
[Date "2000.11.05"]
[Round "8.1"]
[White "Kastanieda, Georgiy"]
[Black "Zaw, Win Lay"]
[Result "1-0"]
[WhiteElo "2457"]
[BlackElo "2533"]
[Annotator "Rabinovich,Al"]
[PlyCount "57"]
[EventDate "2000.10.28"]
[EventType "team-swiss"]
[EventRounds "14"]
[EventCountry "TUR"]
[SourceTitle "EXT 2001"]
[Source "ChessBase"]
[SourceDate "2000.11.22"]
[SourceVersion "1"]
[SourceVersionDate "2000.11.22"]
[SourceQuality "1"]
[WhiteTeam "Peru"]
[BlackTeam "Myanmar"]
[WhiteTeamCountry "PER"]
[BlackTeamCountry "MYA"]

1. d4 Nf6 2. Nf3 e6 3. e3 c5 4. Bd3 d5 5. b3 Nc6 6. O-O (6. Bb2 cxd4 7. exd4
Be7 8. Nbd2 O-O 9. a3 b6 10. O-O Bb7 11. Qe2 Qc7 12. Rac1 Rac8 13. Rfe1 Bd6 14.
Ne5 Qe7 15. Ra1 Rfd8 16. Qe3 Nd7 17. f4 $14 {1-0 Gustafsson,J-Zude,A/Porz GER
2000/The Week in Chess 284 (43)}) 6... Bd6 (6... Be7 7. Bb2 cxd4 8. exd4 O-O 9.
Nbd2 Qc7 10. a3 Rd8 11. Re1 Qb6 12. Rb1 Bd7 13. c4 a5 14. Qe2 Qa7 15. Rbc1 Be8
16. Bb1 Rac8 17. h3 Bf8 18. Red1 $11 {0-1 Vasquez,R-Rozentalis,E/Elista 1998/
CBM 66 ext (34)}) 7. Bb2 O-O 8. c4 cxd4 9. exd4 dxc4 (9... b6 $5) 10. bxc4 b6
11. Nbd2 Bb7 {Black's plan will be to attack White's pawns on c4 and d4. White
will try to create an attack on Black's king. Due to the potential of White's
bishops, his chances look better.} 12. Re1 Be7 13. Rc1 Rc8 14. a3 Re8 15. Nf1
Rc7 16. d5 {[%cal Gb2f6,Gd3h7]} Rd7 (16... exd5 17. Bxf6 Bxf6 (17... gxf6 18.
cxd5 Ne5 19. Nxe5 Rxc1 (19... fxe5 20. Qh5) 20. Qh5 f5 21. Qxf7+ Kh8 22. Bxf5 {
[%cal Gf7h7]}) 18. Rxe8+ Qxe8 19. cxd5 $18 {[%cal Gc1c7]}) 17. Qe2 (17. dxe6
Rxd3 18. exf7+ (18. Qe2 Rd6 19. exf7+ (19. Ng5 fxe6 20. Nxe6 Qd7) 19... Kxf7
20. Ng5+ Kg8 21. Bxf6 (21. c5 bxc5 22. Qc4+ (22. Bxf6 gxf6 23. Ne6 Rxe6 24.
Qxe6+ Kg7 $17 {[%cal Gc6d4]}) 22... Nd5) 21... Rxf6) 18... Kxf7 19. Qe2 Rd6) (
17. dxc6 Rxd3 18. c7 (18. Qe2 Bxc6 19. Ne5 Rd6) 18... Rxd1 19. cxd8=Q Rdxd8) (
17. Ng5 exd5 18. Bxf6 Bxf6 19. Rxe8+ Qxe8 20. Nxh7 (20. Bxh7+ Kh8 21. Qh5 Bxg5
22. Bf5+ Bh6 23. Bxd7 Qxd7 24. g4 dxc4 25. g5 Qf5 26. h4 Ne5) 20... Be5 {
White got more in the game by Qe2}) 17... exd5 {Loses, but what could Black do?
} (17... Na5 18. Ng5 $40 (18. Ne5 $6 Rd6 $1 {And it does not look like White
has anything crushing.} (18... Rc7 $2 19. dxe6 fxe6 20. Rcd1 Qc8 (20... Bd6 21.
Ng3 Nc6 22. Ng4 e5 23. Nxf6+ gxf6 (23... Qxf6 24. Ne4 Qe7 25. Nxd6 Qxd6 26.
Bxh7+ $18) 24. Nf5 Rd7 25. Qh5 {[%cal Gf5d6]} Re6 26. Nh6+ Kf8 (26... Kg7 27.
Qg4+) (26... Kh8 27. Nf7+) 27. Bf5 $18) 21. Ng3 $16 {[%cal Gg3h5] White's
attack is very strong.}))) 18. Bxf6 gxf6 19. Bf5 Rd6 (19... Rc7 20. Nh4 Ne5 21.
Qh5 Ng6 22. Nxg6 hxg6 23. Bxg6 fxg6 24. Qxg6+ Kf8 25. Re3 Bc5 26. Rh3 Bd6 27.
Rh8+ Ke7 28. Qh7+ Ke6 29. Re1+ Be5 30. Rxe8+ Qxe8 31. Qxc7 $18) 20. Nh4 Ne5 21.
Qh5 Ng6 $8 {[%tqu "En","How white finishes the attack on the black king?","",
"","h4g6","Correct,black is helpless.",10]} 22. Nxg6 hxg6 {[%tqu "En","Now is
the second step in the attack.","","","f5g6","Correct,you find the second step
in the attack,but still you have to find the key move.",10]} 23. Bxg6 fxg6 24.
Qxg6+ Kf8 {[%tqu "En","The key move of the combination.","","","g6h6","Very
nice.Now black's king is open for white decisive attack.",10,"e1e3","",0]} 25.
Qh6+ (25. Re3 f5 {This is the advantage of Rd6 over Rc7. But white wins anyway.
}) 25... Kf7 26. Qh7+ Kf8 27. Rc3 f5 28. Rg3 Bg5 29. Rxg5 {Because on Q:g5
comes Qh8+ with R:e8 and wins.} 1-0

[Event "Sharjah FIDE GP (Women)"]
[Site "Sharjah"]
[Date "2014.08.25"]
[Round "1"]
[White "Batchimeg, Tuvshintugs"]
[Black "Koneru, Humpy"]
[Result "1-0"]
[WhiteElo "2346"]
[BlackElo "2598"]
[Annotator "Ramirez Alvarez,A"]
[PlyCount "71"]
[EventDate "2014.08.25"]
[EventType "tourn"]
[EventRounds "11"]
[EventCountry "UAE"]
[EventCategory "10"]
[SourceTitle "CBM 162"]
[Source "ChessBase"]
[SourceDate "2014.09.17"]
[SourceVersion "1"]
[SourceVersionDate "2014.09.17"]
[SourceQuality "1"]

{Humpy obtained the better chances when she won the two rooks for a queen.
White's activity wasn't quite there to compensate the material deficit.
However the Indian player slowly lost her way and in time trouble she
blundered horribly, giving the Mongolian player an important round one victory.
} 1. d4 Nf6 2. Nf3 e6 3. e3 b6 4. Bd3 Bb7 5. O-O d5 6. b3 Bd6 7. Bb2 O-O 8. Ne5
c5 9. Nd2 Nc6 10. f4 Rc8 11. a3 Ne7 12. Qe2 Ne4 13. Bxe4 dxe4 14. Ndc4 Ba6 15.
Rfd1 cxd4 16. Rxd4 Nf5 17. Rxe4 Bb7 18. Nxd6 Qxd6 19. Rd1 Qxd1+ 20. Qxd1 Bxe4
21. c4 f6 $6 {A little hasty.} (21... Rfd8 22. Qh5 Rc7 $17) 22. Ng4 Rcd8 23.
Qe2 Rd3 24. Nf2 $1 Rxe3 25. Qd2 {Now Black's rook is suffering.} h5 26. Nxe4
Rxe4 $11 27. Kf2 Kh7 28. g3 Re3 29. Qd1 Kg6 30. Bc1 Re4 31. Bb2 e5 32. Qc2 Nd6
$4 (32... Re3 33. Bc1 exf4 34. Bxe3 fxe3+ $11) 33. Qd3 $1 Rd8 34. fxe5 fxe5 35.
Bxe5 {Black loses too much material now.} Kf7 36. Qd5+ 1-0

[Event "FIDE-Wch k.o."]
[Site "Las Vegas"]
[Date "1999.08.01"]
[Round "1.2"]
[White "El Gindy, Essam"]
[Black "Andersson, Ulf"]
[Result "0-1"]
[WhiteElo "2455"]
[BlackElo "2623"]
[Annotator "Tsesarsky,I"]
[PlyCount "92"]
[EventDate "1999.07.31"]
[EventType "k.o."]
[EventRounds "7"]
[EventCountry "USA"]
[SourceTitle "CBM 072"]
[Source "ChessBase"]
[SourceDate "1999.10.01"]
[SourceVersion "1"]
[SourceVersionDate "1999.10.01"]
[SourceQuality "1"]

1. d4 e6 2. Nf3 Nf6 3. e3 c5 4. Bd3 d5 5. O-O Nc6 6. c3 Be7 7. Nbd2 O-O 8. Ne5
Nxe5 (8... cxd4 9. exd4 Nxe5 10. dxe5 Nd7 11. Nf3 f6 (11... b6 12. Re1 Bb7 13.
Bc2 Nc5 14. Be3 $14) 12. exf6 Bxf6 13. Be3 (13. Re1 $14) 13... Qe7 14. Qc2 g6
15. Rad1 $14 {1-0 Flear,C-Foukahi,A/FRA tt ,EXT 1992 (37)}) 9. dxe5 Nd7 (9...
Ne8 10. f4 f5 11. g4 (11. exf6 Nxf6 12. Nf3 $11) 11... g6 12. h3 Ng7 13. Kh1
Bd7 14. Nf3 Bc6 $132 {1/2-1/2 Zimmermann,O-Johner,H/Zurich senior 1962 (18)})
10. f4 g6 (10... f5 11. Nf3 (11. exf6 Nxf6 12. Qe2 (12. Nf3 b6 13. b3 $11 {
1-0 Palmiotto,F-Astengo,M/Celle Ligure 1992 (36)}) (12. c4 b5 13. cxb5 c4 14.
Bc2 Qb6 15. Kh1 Qxb5 (15... Bb7 16. e4 Nxe4 17. Nxe4 dxe4 18. Qe2 Qxb5 19. b3
Qc6 20. bxc4 $11 {1/2-1/2 Hansen,S-Nielsen,P/DEN ch 1992 (23)}) 16. e4 d4 17.
e5 Nd5 18. Ne4 d3 19. Ba4 Qa6 $15) (12. e4 c4 13. Bc2 (13. Be2 b5 14. e5 Nd7 (
14... Qb6+ 15. Kh1 Nd7 (15... Ne4 $2 16. Nxe4 dxe4 17. a4 Rd8 18. Qc2 $16 {
[%csl Rc4,Re4] 1-0 Stjazhkina,O-Jackova,J/Frydek Mistek 1996 (40)}) 16. Nf3 b4
$132) 15. Nf3 b4 $132) 13... e5 14. exd5 Bc5+ 15. Kh1 Ng4 16. Ne4 Qh4 (16...
Nxh2 17. Nxc5 Nxf1 18. Qxf1 Qxd5 19. Ne4 exf4 20. b3 Qh5+ 21. Kg1 f3 22. Qxc4+
Kh8 $17) 17. h3 Ne3 18. Bxe3 Bxe3 19. Qe1 Qxe1 20. Raxe1 exf4 21. Nd6 (21. Ng5
g6 22. Nxh7 Rd8 23. Bxg6 $18 (23. Nf6+ Kg7 $132 {1/2-1/2 Bareev,E-Tukmakov,V/
Tilburg rapid20 1994 (38)})) 21... b5 22. Rxe3 fxe3 23. Bxh7+ Kxh7 24. Rxf8 Be6
25. Rf3 Bxd5 26. Rxe3 a6 27. Re5 $16) 12... e5 13. fxe5 Ng4 14. Rxf8+ Bxf8 15.
Nf3 Qc7 16. c4 dxc4 17. Bxc4+ Kh8 18. Bb3 $16 (18. Bd2 Nxe5 19. Nxe5 Qxe5 20.
Bc3 Qe4 $132 {1-0 Zimmermann,M-Steffens,O/Landes-Einzelmeister 1988 (27)}))
11... c4 12. Bc2 Nb8 13. Nd4 Nc6 14. b3 Nxd4 15. exd4 b5 16. Rf3 (16. bxc4 dxc4
17. a4 b4 18. cxb4 Bxb4 19. Be3 a5 20. Qe2 Qd5 $15 {0-1 Stiemer-Funk/cr 0 (32)}
) 16... Bd7 17. a4 cxb3 18. Bxb3 bxa4 19. Bxa4 $11) (10... Re8 11. Qh5 Nf8 12.
Rf3 f5 13. Rh3 (13. exf6 Bxf6 14. e4 $14) 13... a6 14. g4 g6 15. Qh6 Qd7 16.
gxf5 exf5 17. Nf3 Bd8 $132 {1-0 Palinkas,E-Nagy,A/HUN-chT2 1993 (36)}) 11. Qg4
b6 $6 (11... f5 12. exf6 Nxf6 13. Qg3 Nh5 14. Qe1 Qb6 $132) 12. Nf3 $6 (12. e4
$1 dxe4 (12... Bb7 13. exd5 exd5 14. Nf3 $14) 13. Bxe4 Rb8 14. Bc2 Bb7 15. Ne4
$14) 12... f5 13. Qh3 (13. exf6 Nxf6 14. Qg3 Nh5 15. Qf2 Bd6 $132) 13... a5 14.
Bc2 Rf7 15. g4 (15. Bd2 {[%cal Gd2e1,Ge1h4]}) 15... Rg7 16. gxf5 gxf5+ 17. Kf2
Ba6 18. Rg1 Rxg1 19. Kxg1 Kh8 20. Bd2 (20. Kh1 Qg8 21. Bd2 $132) 20... Qg8+ 21.
Kf2 Qf7 22. Rg1 Rg8 23. Rg3 (23. Be1 $11) (23. Rxg8+ $11) 23... Nf8 24. Be1 Qe8
25. b3 (25. Rxg8+ Kxg8 26. Kg1 Qb5 27. Qg2+ Ng6 28. h4 Kh8 (28... Qxb2 29. h5
Qc1 30. hxg6 Qxe3+ 31. Kh1 Qxf4 32. Bd2 Qc4 33. gxh7+ $18) 29. h5 Nf8 30. b3
Qe2 31. Qxe2 Bxe2 32. Kf2 Ba6 33. Kg2 Kg7 34. Bd1 $11 {[%csl Yh5]}) (25. a4 $11
) 25... Qb5 26. c4 $2 $17 {Ununderstandable move.} (26. Rxg8+ Kxg8 27. Qg2+ Ng6
28. Kg1 Qe2 29. Qxe2 Bxe2 30. Kf2 $11) 26... dxc4 (26... Rxg3 $4 27. cxb5 Rxh3
28. bxa6 $18) 27. a4 (27. Rxg8+ Kxg8 28. a4 Qd7 $17) 27... Qd7 28. bxc4 $6 (28.
Rxg8+ Kxg8 29. bxc4 Bxc4 30. Qg3+ Kh8 31. Ng5 Ng6 32. Bc3 Bd3 $17) 28... Bxc4
$19 29. Qh5 Rg6 30. Nh4 Bxh4 31. Qxh4 Kg8 $1 (31... Rxg3 32. hxg3 Bd3 33. Qf6+
Kg8 34. Bd1 Be4 35. Bb3 Bd5 36. Bc2 Bc6 $17) 32. Bc3 Bd3 33. Bd1 Ba6 34. Bc2
Qd5 35. Ke1 (35. Kg1 Bb7 36. Be1 Bc6 $19 (36... Qh1+ 37. Kf2)) 35... Bd3 36.
Bd1 Bc4 37. Bc2 Bd3 38. Bd1 Ba6 39. Bc2 Qc4 40. Kd2 Qe2+ 41. Kc1 Qf1+ 42. Kb2
Bd3 43. Rxg6+ hxg6 44. Qd8 Bxc2 45. Kxc2 Qe2+ 46. Kb3 $2 (46. Bd2 Qc4+ 47. Kb2
b5 48. axb5 Qxb5+ $19) 46... c4+ $1 0-1

[Event "Solin 7th"]
[Site "Solin"]
[Date "1999.12.17"]
[Round "8"]
[White "Kovacevic, Vlatko"]
[Black "Morovic Fernandez, Ivan"]
[Result "1-0"]
[WhiteElo "2490"]
[BlackElo "2605"]
[Annotator "Tsesarsky,I"]
[PlyCount "147"]
[EventDate "1999.12.10"]
[EventType "tourn"]
[EventRounds "9"]
[EventCountry "CRO"]
[EventCategory "13"]
[SourceTitle "CBM 075"]
[Source "ChessBase"]
[SourceDate "2000.04.05"]
[SourceVersion "1"]
[SourceVersionDate "2000.04.05"]
[SourceQuality "1"]

{[%mdl 544]} 1. d4 d5 2. e3 Nf6 3. Nf3 c6 4. c4 e6 5. Nbd2 Nbd7 6. b3 Bd6 7.
Bb2 O-O (7... Qe7 8. Ne5 Ba3 $6 9. Bxa3 Qxa3 10. Bd3 Nxe5 (10... O-O 11. O-O
Qd6 12. f4 $14) 11. dxe5 Nd7 12. f4 $14 {1-0 Smyslov,V-Gergs,W/WchS-Bad
Woerishofen 1991 (41)}) 8. Be2 (8. Bd3 Re8 9. Ne5 dxc4 10. Ndxc4 Bb4+ 11. Kf1
Bf8 12. h4 c5 13. Qf3 Nxe5 14. Nxe5 cxd4 15. Bxd4 Qd5 16. Qf4 b5 17. h5 Bb7 18.
h6 $5 $132 {[%csl Rg2] 1-0 Hebden,M-Arakhamia,K/London Lloyds 1994 (31)}) 8...
Ne4 (8... Re8 9. Ne5 (9. O-O b6 $11) 9... c5 $11 (9... Qc7 10. f4 b6 11. Rc1
Bb7 12. O-O $132) 10. O-O b6 (10... cxd4 11. exd4 Qc7 12. f4 $132) 11. f4 Bb7
$132 {Gorbatow,Alexej-Tokmachev,Mikhail/RUS-Cup02 Moscow (5) ;CBM 63 1998/1-0 
(43)}) (8... b6 9. O-O Bb7 10. Rc1 c5 $132) 9. O-O f5 10. Ne5 {This position
played many times in some dfferent openings.} Nxe5 (10... Qc7 11. f4 Ndf6 12.
Nxe4 Nxe4 13. Bd3 Nf6 14. c5 Bxe5 15. fxe5 Ne4 16. Qe2 Bd7 17. b4 a6 18. a4 $14
{1/2-1/2 Solin,Ilmari-Book,Eero/Helsinki (1) ;EXT 99 1946 (30)}) (10... Qh4 11.
f3 Nxd2 12. Qxd2 Rf6 13. g3 Qh6 14. Rad1 Nf8 15. Bd3 $14 {120 1-0 Herrmann,
Ludwig-Krause,Kurt/DDR-ch Soemmerda (16) ;EXT 2000 1950 (35)}) (10... Qa5 11.
Nxe4 dxe4 12. f4 (12. Nxd7 Bxd7 13. c5 $14) 12... exf3 13. Nxf3 Qc7 14. c5 Be7
15. Bc4 $14 {1-0 Cseh,Andor-Rieger/Debrecen ;MCD 1956 (33)}) (10... Nxd2 $5 11.
Qxd2 Nxe5 12. dxe5 Be7 13. Qc2 b6 14. Rad1 Bb7 15. f4 Rc8 $11 {Zakharov,
Alexander V-Mukhametov,Eldar/Leningrad op ;TD 1991/1/2-1/2 (48)}) (10... Qf6
11. f4 h6 12. cxd5 exd5 13. Nxe4 fxe4 14. Kh1 Qd8 15. Rc1 Nxe5 16. dxe5 Be7 17.
Bg4 $14 {[%cal Gf4f5,Ge5e6] 1-0 Silseth,Simon-Kjeld,Matthias/Gausdal Int (8) ;
TD 1992 (26)}) (10... Ndf6 11. f3 (11. Nd3 $2 Nxd2 12. Qxd2 Ne4 13. Qc2 Qh4 14.
Ne5 Rf6 15. Nf3 (15. f3 Rh6 16. h3 (16. fxe4 Qxh2+ 17. Kf2 fxe4 $15) 16... Ng5
17. Rf2 Qg3 18. Kf1 Nxh3 19. gxh3 Rxh3 $40) 15... Bxh2+ $17 {0-1 Bogza,
Oana-Bogza,Adina/Bucharest TIT (Women) (9) ;CBM 69 ext 1999 (20)}) 11... Ng5
12. Qc2 Bd7 13. Bd3 Rc8 14. c5 Bc7 15. b4 Qe7 16. a4 $14 {0-1 Dock,
Lars-Persson,Lars/SWE-ch qualA (8) ;EXT 99 1997 (35)}) 11. dxe5 Bb4 (11... Be7
12. Nxe4 dxe4 13. Qxd8 Rxd8 14. Rfd1 Bd7 $11 {1/2-1/2 Makarichev,S-Gorelov,S/
Pavlodar 1987 (21)}) (11... Bc5 12. Rc1 Qb6 13. Nxe4 fxe4 14. Bd4 Bxd4 15. exd4
Bd7 16. Qd2 $14 {0-1 Jensen,Soren-Petersen,Soren Boeck/Copenhagen op16 (9) ;
EXT 99 1994 (39)}) 12. Nf3 (12. Nxe4 $5 fxe4 13. f3 exf3 14. Bxf3 Bd7 15. Kh1
Be8 $11 (15... Qe7 16. Qe2 Be8 $11 (16... a5 17. cxd5 cxd5 18. e4 dxe4 19. Bxe4
Bc6 20. Bxc6 bxc6 $14 {1/2-1/2 Bechyne,Jaroslav-Dolezal,Jiri/CZE-chT2 9697 ;
EXT 98 1997 (29)}))) 12... Nc3 $132 (12... a5 13. Qc2 a4 14. Rac1 Qe7 15. Nd4
Bd7 16. f3 Nc5 17. Bc3 Ba3 18. Rb1 axb3 19. axb3 Na6 $11 {1-0 Jaksland,
Tim-Madsen,John/DEN-chB (5) ;TD 1992 (35)}) 13. Qc2 Nxe2+ 14. Qxe2 a5 {[%csl
Gb2,Gb4] White can receive small advantage if will be luck to change bishops.}
(14... b6 $132 {[%cal Gc8b7,Gc8a6]}) (14... Bd7 15. a3 Be7 16. Rfd1 Be8 $132 {
[%cal Ge8h5]}) 15. Nd4 Qe7 16. a3 Bc5 17. f4 Bd7 18. Rfc1 (18. Rfd1 b5 $132 (
18... Be8 $132)) 18... Bb6 (18... b5 19. cxb5 cxb5 $132) 19. Qc2 (19. Nc2 c5 (
19... a4 20. b4 $14) 20. a4 Bc6 21. Na3 $11) 19... c5 20. Nf3 a4 $6 $14 (20...
Bc6 21. Nd2 g5 $36) 21. cxd5 exd5 22. Qd3 Be6 23. b4 $1 {Good pawn sacrifice} (
23. bxa4 Rxa4 $15) 23... cxb4 $2 $16 (23... c4 $142 24. Qd2 $14 {[%cal Gb2d4]})
24. axb4 Qxb4 25. Bd4 Bxd4 (25... Qa5 26. Ng5 (26. Rcb1 Bd8 27. Rxb7 Qa6 28.
Qxa6 Rxa6 29. Bc5 Re8 30. Nd4 Bc8 31. Rb4 Bd7 32. Rb7 Bc8 $132) 26... Rae8 (
26... Bxd4 27. exd4 Qa6 28. Qxa6 Rxa6 29. Nxe6 Rxe6 30. Rxa4 $16) (26... Rfe8
27. Nxe6 Rxe6 28. Qxf5 Ree8 29. Rab1 (29. Qd7 Bxd4 30. exd4 Red8 31. Qxb7 (31.
Qe6+ Kh8 32. Rc5 Qd2 33. Rxd5 Qxf4 $15) 31... Qd2 $11 {[%csl Rd4,Rf4]}) 29...
Bxd4 30. exd4 b5 (30... a3 31. Rxb7 $18) 31. Qd7 $16) 27. Bxb6 Qxb6 28. Rxa4
$16) 26. Nxd4 Qe7 (26... Bc8 27. Nb5 $1 Qe4 28. Qd2 $16) 27. Qb5 a3 28. Qb6 $2
$11 {Time loss.} (28. Rc3 $1 {[%csl Ra3][%cal Gd4e6]} a2 29. Rc2 Rfc8 30. Rxc8+
$1 (30. Rcxa2 $2 Rxa2 31. Rxa2 Rc1+ 32. Kf2 Qh4+ 33. Ke2 Qe1+ (33... Qg4+ 34.
Kf2 $11 (34. Kd3 Qd1+ 35. Rd2 Qf1+ 36. Re2 (36. Ne2 Rc8 37. Qxb7 Qxg2 $17)
36... Qd1+ 37. Rd2 Qf1+ $11)) 34. Kf3 $16) 30... Rxc8 31. Qb2 $16 {[%csl Yd4,
Ra2,Rb7,Re6]} (31. Nxe6 $6 Qxe6 32. Qxb7 d4 $1 33. exd4 Qc4 34. Qb2 Ra8 35. h3
h6 36. Kh2 Kh8 37. Qd2 Qd5 38. Qc3 $14)) 28... Ra6 {[%cal Gf8a8]} 29. Qb3 (29.
Rc7 $5 Rxb6 30. Rxe7 Ra8 $1 {This piece sacrifice gives to Black at least
equal chances.} (30... Bc8 $2 31. Rxa3 $16) 31. Rxe6 (31. Nxe6 $6 a2 32. Rxg7+
(32. Kf2 Rb1 33. Rxa2 Rxa2+ 34. Kf3 Rbb2 $44) 32... Kh8 33. Rc7 Rb1+ (33...
Rxe6 $2 34. Rxb7 Rc6 35. Rb2 Rca6 $16) 34. Rc1 Rxc1+ 35. Rxc1 a1=Q 36. Rxa1
Rxa1+ 37. Kf2 Kg8 $17) 31... Rb2 $2 32. h3 a2 33. Kh2 Rb1 34. Rxa2 (34. Nc2 Rb2
35. Nd4 (35. Ne1 Rb1) 35... Rb1 $11) 34... Rxa2 35. Nxf5 Rbb2 36. Re8+ Kf7 37.
Re7+ Kg6 38. Nh4+ Kh6 39. Nf5+ $11) 29... Rfa8 30. Rc3 (30. Ra2 Ra4 (30... h6
31. Rca1 Kf7 32. Qd3 g6 33. Nb5 $16) 31. Rca1 h6 (31... Rb4 32. Qd3 Rba4 33.
Nxe6 Qxe6 34. Rxa3 Rxa3 (34... b5 35. Rxa4 bxa4 36. Qb5 $16) 35. Rxa3 Rxa3 36.
Qxa3 $11) 32. Nxe6 Qxe6 33. Rxa3 Rxa3 34. Rxa3 Rxa3 35. Qxa3 Kf7 $11) 30... Ra4
31. h3 (31. Ra2 $11) 31... h6 32. Ra2 Kh7 33. Kh2 R8a6 34. Qb1 {[%csl Yd5]
[%cal Gb3d5]} (34. Rc1 {[%cal Gc1a1]} R4a5 35. Rca1 b5 36. Nxe6 Qxe6 37. Rxa3
Rxa3 38. Rxa3 Rxa3 39. Qxa3 Qb6 (39... Qc8 40. Qd6 $18 {[%csl Ye5][%cal Ge5e6]}
) 40. Qd6 (40. Qd3 g6 41. g4 fxg4 42. hxg4 b4 43. Qxd5 b3 44. Qf7+ Kh8 45. f5
gxf5 46. gxf5 b2 (46... Qxe3 $11) 47. f6 $18) 40... Qxe3 41. e6 Kg6 42. e7+ Kf7
43. Qd8 Qxe7 44. Qxd5+ $11) 34... Rb4 35. Qa1 Rba4 36. Rb3 $132 (36. Nxe6 Qxe6
(36... Rxe6 $2 37. Rcxa3 (37. Raxa3 Re4 38. Rd3 b5 39. Rxd5 b4 40. Rb3 $16)
37... Re4 38. Rd2 $16 {[%csl Rb7,Rd5,Rf5]}) 37. Rcxa3 Rxa3 38. Rxa3 Rxa3 39.
Qxa3 Kg6 40. Qf8 b5 41. g4 fxg4 42. hxg4 Qxg4 43. Qe8+ Kh7 44. Qxb5 g5 $11)
36... Bc8 $1 37. Qb1 Qf8 (37... g6 38. Qd3 $132) 38. Qc1 Rc4 39. Qa1 Rca4 40.
Nc2 (40. Qc1 $11) 40... Qc5 41. Nd4 (41. Nxa3 $4 Be6 {[%cal Gd5d4]} 42. Rd3 b5
$19) (41. Rbxa3 Rxa3 $19 {[%csl Rc2,Re3]}) 41... Qf8 (41... Qe7 $11) 42. Rc3
Ra8 43. Qc1 Bd7 44. Rc7 Rc4 45. Rxc4 dxc4 46. Qxc4 b5 $2 $16 (46... Be8 $1 $132
) 47. Nxb5 $2 $44 (47. Qd5 $1 {[%csl Rb5,Rd7,Rf5][%cal Ge5e6]} Ra7 (47... Rd8
48. e6 Bc8 49. Qxb5 $16) 48. e6 Be8 49. Nxb5 $1 (49. Qxf5+ $2 Qxf5 50. Nxf5 b4
51. Nd4 Rc7 $17) (49. Nxf5 $2 b4 50. Nd4 Ra6 51. Qe4+ Bg6 $15 {[%csl Ya3,Yb4]
[%cal Gb4b3]}) 49... Bxb5 50. Qxb5 Qf6 (50... g6 51. Qb6 Qe7 52. Rd2 $1 {
[%cal Gb6a7,Gd2d7]} a2 53. Qxa7 Qxa7 54. Rd7+ Qxd7 55. exd7 a1=Q 56. d8=Q $16)
51. Qd5 Ra6 52. e7 Qxe7 (52... Re6 53. Rxa3 Rxe7 $16) 53. Qxf5+ $16) 47... Bxb5
48. Qxb5 Qe7 49. Qd3 (49. e4 $5 fxe4 50. Qc6 Ra5 51. Qxe4+ Kh8 52. Qg6 Ra8 $44)
49... g6 50. Qb3 h5 51. Qd5 (51. g3 Ra7 52. Qd5 Qf8 $44) 51... Ra7 52. Qb3 h4
53. Qd3 Kg7 54. Qd4 Kh7 55. Qb6 Ra8 56. Qd6 Qxd6 57. exd6 Kg7 58. d7 Kf6 $4 $18
(58... Rd8 59. Rxa3 Rxd7 $44) 59. Rxa3 Rd8 60. Rd3 Ke6 61. g3 hxg3+ 62. Kxg3
Kf7 63. Rd6 Kg7 64. Kf3 Kf7 65. e4 fxe4+ 66. Kxe4 Ke7 67. Kd5 Kf7 68. Ke5 Ke7
69. Re6+ Kf7 70. Kd6 Ra8 71. Re7+ Kf8 72. Re8+ Rxe8 73. dxe8=Q+ Kxe8 74. Ke6
1-0